000 02806nam a22003137a 4500
008 240229b2023 ua ||||| |||| 00| 0 eng d
040 _aEAL
_cEAL
041 _aeng
_bara
090 _aART AJAS V54 No3 11
100 1 _aAbd El-Galil, Hassan A.
_935157
240 1 0 _aAssiut journal of agricultural sciences, 2023 v. 54 (3)
245 1 0 _a Impact of different potassium fertilization sources on growth, yield and fruit quality of sultani fig tree
_h[electronic resource]
246 1 5 _aتأثیر مصادر التسمید البوتاسى المختلفة على النمو و المحصول و جودة ثمار أشجار التین السلطاني
260 _a2023
300 _a145 - 155 p.
504 _aIncludes bibliographic reference
520 _aThe experiment was conducted on Sultani fig trees located on the farm of Shandawil Island Research Station, Sohag, Egypt, throughout the course of two subsequent growth seasons in 2020 and 2021. The goal of the study was to determine the applying various potassium sources to Sultani Fig trees' vegetative growth, yield components, and fruit quality. Data showed that when compared to untreated ones, the application of various potassium fertilization sources considerably enhanced leaf area, shoot length, and shoot thickness. Additionally, yield, ripeness, and fruit quality were all improved by all investigated potassium fertilization sources. The usage of potassium thiosulfate led to the maximum values of fruit weight, length, and diameter being noted. Between all examined treatments, there were no appreciable variations in fruit length or fruit diameter. The highest TSS and reducing sugar values, as well as the lowest titratable acidity values, were produced by vinasse and potassien. Additionally, no appreciable variations were discovered between them. One may deduce that in order to improve some vegetative development, high yield, and good fruit quality, different potassium fertilization sources were required twice a year. Therefore, from an economic perspective, vinasse and potassien are preferred. Due to reduced pollution and a lower overall cost of production. Keywords: Sultani Fig trees, Vinasse, Potassien, Fruit quality.
546 _aSummary in Arabic
650 0 _aFigs
_935158
650 0 _aFruit
_xQuality
_935152
650 0 _aPotassium
700 1 _aMasoud, Alaa A. B.
_935159
700 1 _aAbou-Zaid, Eman A. A.
_935005
700 1 _aAbd El- khalek, Mohamed A. A.
_935160
700 1 _aBahlol, Nada S. A.
_935161
773 0 _tAssiut Journal of Agricultural Sciences.
_g2023.v.54(3)
_x1110-0486
_7nnas
_wu158554
856 4 0 _uhttp://nile.enal.sci.eg/cgi-bin/koha/opac-retrieve-file.pl?id=2e4260f50b215c141f7289bfb8bfdc21
_zFull Text Avalible on site
942 _2Alphabetical Classification
_cArticles
999 _c69066
_d69066